A treatise on standards of weights & measures (Record no. 502960)

000 -LEADER
fixed length control field 00485cam a22001577a 4500
008 - FIXED-LENGTH DATA ELEMENTS--GENERAL INFORMATION
fixed length control field 180718b2006 xxu||||| |||| 00| 0 eng d
082 ## - DEWEY DECIMAL CLASSIFICATION NUMBER
Classification number T8203x54 G959
100 ## - MAIN ENTRY--PERSONAL NAME
Personal name Gupta, S.V.
245 ## - TITLE STATEMENT
Title A treatise on standards of weights & measures
Statement of responsibility, etc. By S.V. Gupta
250 ## - EDITION STATEMENT
Edition statement 5th ed.
260 ## - PUBLICATION, DISTRIBUTION, ETC.
Place of publication, distribution, etc. Delhi
Name of publisher, distributor, etc. Commercial Law
Date of publication, distribution, etc. 2006
300 ## - PHYSICAL DESCRIPTION
Extent 728p.
650 ## - SUBJECT ADDED ENTRY--TOPICAL TERM
Topical term or geographic name entry element India
650 ## - SUBJECT ADDED ENTRY--TOPICAL TERM
Topical term or geographic name entry element Weights and measures -- Law and legislation
650 ## - SUBJECT ADDED ENTRY--TOPICAL TERM
Topical term or geographic name entry element Weights and measures -- Law and legislation -- India
Holdings
Withdrawn status Lost status Damaged status Not for loan Permanent Location Current Location Date acquired Total Checkouts Full call number Barcode Date last seen Date last checked out Price effective from Koha item type
        Indian Institute of Public Administration Indian Institute of Public Administration 2018-08-04 1 T8203x54 G959 GR19355 2019-09-20 2019-09-20 2018-08-04 GR

Powered by Koha